| 000 | 00461nam a2200193Ia 4500 | ||
|---|---|---|---|
| 005 | 20240823032553.0 | ||
| 008 | 240823s9999||||xx |||||||||||||| ||und|| | ||
| 020 | _a81-85753-46-6 | ||
| 041 | _aENGLISH | ||
| 082 | _A809.3005 Q0 | ||
| 100 | _aMeenakshi Mukherjee | ||
| 245 | 4 | _aThe Twice Born Fiction | |
| 250 | _a1st | ||
| 260 |
_c2010 _b"Pencraft International, New " |
||
| 500 | _aYES | ||
| 650 |
_aFiction _bEnglish |
||
| 942 | _cBK | ||
| 999 |
_c193747 _d193747 |
||